<?xml version="1.0" encoding="UTF-8"?>
<record
    xmlns:xsi="http://www.w3.org/2001/XMLSchema-instance"
    xsi:schemaLocation="http://www.loc.gov/MARC21/slim http://www.loc.gov/standards/marcxml/schema/MARC21slim.xsd"
    xmlns="http://www.loc.gov/MARC21/slim">

  <leader>00694nam a22001337a 4500</leader>
  <datafield tag="040" ind1=" " ind2=" ">
    <subfield code="c">RUA</subfield>
  </datafield>
  <datafield tag="082" ind1=" " ind2=" ">
    <subfield code="a">AGR PEC 2020 B1-546 Or.</subfield>
  </datafield>
  <datafield tag="100" ind1=" " ind2=" ">
    <subfield code="a">PECH PHANNA,&#x1796;&#x17C1;&#x1787;&#x17D2;&#x179A; &#x1795;&#x17B6;&#x1793;&#x17CB;&#x178E;&#x17B6;</subfield>
  </datafield>
  <datafield tag="245" ind1=" " ind2=" ">
    <subfield code="a">COMPARE GROWTH AND YIELD PERFORMANCE CARROT VARIETIES ON PLANT IN SANDY LOAM,&#x1780;&#x17B6;&#x179A;&#x1794;&#x17D2;&#x179A;&#x17C0;&#x1794;&#x1792;&#x17C0;&#x1794;&#x1780;&#x17B6;&#x179A;&#x179B;&#x17BC;&#x178F;&#x179B;&#x17B6;&#x179F;&#x17CB; &#x1793;&#x17B7;&#x1784;&#x1791;&#x17B7;&#x1793;&#x17D2;&#x1793;&#x1795;&#x179B;&#x1796;&#x17BC;&#x1787;&#x1780;&#x17B6;&#x179A;&#x17C9;&#x17BB;&#x178F;&#x1795;&#x17D2;&#x179F;&#x17C1;&#x1784;&#x17D7;&#x1782;&#x17D2;&#x1793;&#x17B6;&#x1780;&#x17D2;&#x1793;&#x17BB;&#x1784;&#x179B;&#x1780;&#x17D2;&#x1781;&#x1781;&#x178E;&#x17D2;&#x178C;&#x178A;&#x17B8;&#x179B;&#x17D2;&#x1794;&#x17B6;&#x1799;&#x1781;&#x17D2;&#x179F;&#x17B6;&#x1785;&#x17CB;</subfield>
  </datafield>
  <datafield tag="260" ind1=" " ind2=" ">
    <subfield code="a">phnom penh</subfield>
    <subfield code="b">rua</subfield>
    <subfield code="c">2020</subfield>
  </datafield>
  <datafield tag="300" ind1=" " ind2=" ">
    <subfield code="a">x.25p.</subfield>
    <subfield code="b">ill.</subfield>
    <subfield code="c">29cm.</subfield>
  </datafield>
  <datafield tag="856" ind1=" " ind2=" ">
    <subfield code="u">https://drive.google.com/file/d/1-lu4gjAKTSgbQUP-WB1pgHjII6O_u2Nq/view?usp=sharing</subfield>
  </datafield>
  <datafield tag="942" ind1=" " ind2=" ">
    <subfield code="c">AGR</subfield>
  </datafield>
  <datafield tag="999" ind1=" " ind2=" ">
    <subfield code="c">21844</subfield>
    <subfield code="d">21844</subfield>
  </datafield>
  <datafield tag="952" ind1=" " ind2=" ">
    <subfield code="0">0</subfield>
    <subfield code="1">0</subfield>
    <subfield code="4">0</subfield>
    <subfield code="6">AGR_PEC_2020_000000000000000_B1546_OR</subfield>
    <subfield code="7">0</subfield>
    <subfield code="9">95173</subfield>
    <subfield code="a">LBB</subfield>
    <subfield code="b">LBB</subfield>
    <subfield code="c">B1.546</subfield>
    <subfield code="d">2023-09-08</subfield>
    <subfield code="o">AGR PEC 2020 B1-546 Or.</subfield>
    <subfield code="p">a073951</subfield>
    <subfield code="r">2023-09-08</subfield>
    <subfield code="y">AGR</subfield>
  </datafield>
  <datafield tag="952" ind1=" " ind2=" ">
    <subfield code="0">0</subfield>
    <subfield code="1">0</subfield>
    <subfield code="4">0</subfield>
    <subfield code="6">AGR_PEC_2020_000000000000000_B1546_OR</subfield>
    <subfield code="7">0</subfield>
    <subfield code="9">95174</subfield>
    <subfield code="a">LBB</subfield>
    <subfield code="b">LBB</subfield>
    <subfield code="c">B1.546</subfield>
    <subfield code="d">2023-09-08</subfield>
    <subfield code="o">AGR PEC 2020 B1-546 Or.</subfield>
    <subfield code="p">a073955</subfield>
    <subfield code="r">2023-09-08</subfield>
    <subfield code="y">AGR</subfield>
  </datafield>
  <datafield tag="952" ind1=" " ind2=" ">
    <subfield code="0">0</subfield>
    <subfield code="1">0</subfield>
    <subfield code="4">0</subfield>
    <subfield code="6">AGR_PEC_2020_000000000000000_B1546_OR</subfield>
    <subfield code="7">0</subfield>
    <subfield code="9">95175</subfield>
    <subfield code="a">LBB</subfield>
    <subfield code="b">LBB</subfield>
    <subfield code="c">B1.546</subfield>
    <subfield code="d">2023-09-08</subfield>
    <subfield code="o">AGR PEC 2020 B1-546 Or.</subfield>
    <subfield code="p">a074027</subfield>
    <subfield code="r">2023-09-08</subfield>
    <subfield code="y">AGR</subfield>
  </datafield>
  <datafield tag="952" ind1=" " ind2=" ">
    <subfield code="0">0</subfield>
    <subfield code="1">0</subfield>
    <subfield code="4">0</subfield>
    <subfield code="6">AGR_PEC_2020_000000000000000_B1546_OR</subfield>
    <subfield code="7">0</subfield>
    <subfield code="9">95176</subfield>
    <subfield code="a">LBB</subfield>
    <subfield code="b">LBB</subfield>
    <subfield code="c">B1.546</subfield>
    <subfield code="d">2023-09-08</subfield>
    <subfield code="o">AGR PEC 2020 B1-546 Or.</subfield>
    <subfield code="p">a073963</subfield>
    <subfield code="r">2023-09-08</subfield>
    <subfield code="y">AGR</subfield>
  </datafield>
  <datafield tag="952" ind1=" " ind2=" ">
    <subfield code="0">0</subfield>
    <subfield code="1">0</subfield>
    <subfield code="4">0</subfield>
    <subfield code="6">AGR_PEC_2020_000000000000000_B1546_OR</subfield>
    <subfield code="7">0</subfield>
    <subfield code="9">95177</subfield>
    <subfield code="a">LBB</subfield>
    <subfield code="b">LBB</subfield>
    <subfield code="c">B1.546</subfield>
    <subfield code="d">2023-09-08</subfield>
    <subfield code="o">AGR PEC 2020 B1-546 Or.</subfield>
    <subfield code="p">a074616</subfield>
    <subfield code="r">2023-09-08</subfield>
    <subfield code="y">AGR</subfield>
  </datafield>
  <datafield tag="952" ind1=" " ind2=" ">
    <subfield code="0">0</subfield>
    <subfield code="1">0</subfield>
    <subfield code="4">0</subfield>
    <subfield code="6">AGR_PEC_2020_000000000000000_B1546_OR</subfield>
    <subfield code="7">0</subfield>
    <subfield code="9">95178</subfield>
    <subfield code="a">LBB</subfield>
    <subfield code="b">LBB</subfield>
    <subfield code="c">B1.546</subfield>
    <subfield code="d">2023-09-08</subfield>
    <subfield code="o">AGR PEC 2020 B1-546 Or.</subfield>
    <subfield code="p">a074031</subfield>
    <subfield code="r">2023-09-08</subfield>
    <subfield code="y">AGR</subfield>
  </datafield>
</record>
